Ľudský kapitál - teoretické východiská a jeho význam pre firmu diplomová práca

Saved in:
Bibliographic Details
Main Author: Kubík, Stanislav
Corporate Author: Obchodná fakulta EU. Katedra medzinárodného obchodu
Other Authors: Krajčík, Daniel, 1981-
Format: Book
Language:Slovak
Published: Bratislava 2010
Tags: Add Tag
No Tags, Be the first to tag this record!

MARC

LEADER 00000nam a2200000 4500
001 0120152
005 20240318122532.6
041 0 |a slo 
044 |a SK 
245 1 0 |a Ľudský kapitál - teoretické východiská a jeho význam pre firmu  |b diplomová práca  |c Stanislav Kubík ; škol. Daniel Krajčík 
264 1 |a Bratislava  |c 2010 
300 |a 88 s. 
100 1 |a Kubík, Stanislav 
700 1 |a Krajčík, Daniel, 1981- 
710 2 |a Obchodná fakulta EU. Katedra medzinárodného obchodu